Health and the environment: a people-centred research strategy
sin resumen
Gespeichert in:
| 1. Verfasser: | |
|---|---|
| Format: | Text |
| Veröffentlicht: |
Ottawa:
IDRC
|
| Tags: |
Tag hinzufügen
Keine Tags, Fügen Sie den ersten Tag hinzu!
|
MARC
| LEADER | 00000 a a2200000 04500 | ||
|---|---|---|---|
| 001 | 4796 | ||
| 003 | |||
| 040 | |||
| 090 | |a 119100 | ||
| 100 | |a Forget, Gilles | ||
| 245 | |a Health and the environment: a people-centred research strategy | ||
| 260 | |a Ottawa: |b IDRC | ||
| 300 | |a 36 p | ||
| 520 | |a sin resumen | ||
| 999 | |c 12063 |d 12063 | ||
